[Event "IECG CP.2005.S.00007"]
[Site "IECG email"]
[Date "2008.04.12"]
[Round "?"]
[White "Belov, Dmitry"]
[Black "Brousek, Jiri"]
[Result "1/2-1/2"]
[WhiteElo "2088"]
[BlackElo "2270"]
[PlyCount "106"]
[EventDate "2008.04.12"]
[EventType "tourn (corr)"]
[EventRounds "6"]
[SourceTitle "Corr 2024"]
[Source "ChessBase"]
[SourceDate "2023.10.19"]
[SourceVersion "1"]
[SourceVersionDate "2023.10.19"]
[SourceQuality "1"]

1. e4 e6 2. d4 d5 3. Nc3 Nf6 4. e5 Nfd7 5. f4 c5 6. Nf3 Nc6 7. Be3 cxd4 8. Nxd4 Bc5 9. Qd2 0-0 10. 0-0-0 a6 11. h4 Nxd4 12. Bxd4 b5 13. Rh3 b4 14. Na4 Bxd4 15. Qxd4 a5 16. Bb5 Rb8 17. Bd3 Qc7 18. h5 h6 19. g4 f6 20. Re1 fxe5 21. fxe5 b3 22. axb3 Rb4 23. Qc3 Qxc3 24. bxc3 Rxg4 25. c4 d4 26. c5 Rg5 27. Be4 Nxe5 28. c6 Rf7 29. Rd1 Rf4 30. Bh1 d3 31. cxd3 Ng4 32. Rg3 Rxh5 33. Rdg1 Rg5 34. Kb2 h5 35. Bf3 Rb4 36. Kc3 Kf8 37. Rh1 Ke7 38. Nb2 Rf4 39. Nc4 Kd8 40. Rh4 Ba6 41. Nd6 Kc7 42. Ne4 Rd5 43. Bxg4 Rxg4 44. Rgxg4 hxg4 45. d4 Be2 46. Rh7 Kxc6 47. Rxg7 Rf5 48. Rg6 Bd1 49. Kc4 Be2+ 50. Kc3 Rf3+ 51. Kd2 Bf1 52. Rxg4 Rxb3 53. Nc5 Ra3 1/2-1/2

[Event "IECG CP.2005.Q.00028 email"]
[Site "IECG email"]
[Date "2007.01.15"]
[Round "?"]
[White "Belov, Dmitry"]
[Black "Surmont, Eric"]
[Result "1-0"]
[WhiteElo "2092"]
[BlackElo "1935"]
[PlyCount "93"]
[EventDate "2007.01.15"]
[EventType "tourn (corr)"]
[EventRounds "6"]
[EventCountry "RUS"]
[SourceTitle "Corr 2011"]
[Source "ChessBase"]
[SourceDate "2010.08.31"]
[SourceVersion "1"]
[SourceVersionDate "2010.08.31"]
[SourceQuality "1"]

1. e4 c5 2. Nf3 d6 3. d4 cxd4 4. Nxd4 Nf6 5. Nc3 a6 6. Bc4 e6 7. Bb3 b5 8. 0-0 Be7 9. Qf3 Qc7 10. Qg3 Nc6 11. Nxc6 Qxc6 12. Re1 Bb7 13. Qxg7 Rg8 14. Qh6 0-0-0 15. Qh3 Kb8 16. f3 Rg6 17. Be3 Rdg8 18. g3 Qc7 19. a4 b4 20. Ne2 h5 21. Nf4 R6g7 22. Rad1 h4 23. g4 Bxe4 24. fxe4 Rxg4+ 25. Kh1 Nxe4 26. Nxe6 Qc8 27. Bd5 fxe6 28. Bxe4 Rxe4 29. Ba7+ Kxa7 30. Rxe4 Qxc2 31. Qe3+ Ka8 32. Qe2 Qxe2 33. Rxe2 e5 34. Re4 Ka7 35. Rc4 Rb8 36. Kg2 Rg8+ 37. Kh3 Kb6 38. b3 Rf8 39. a5+ Kb7 40. Rd3 Rd8 41. Rxb4+ Kc6 42. Rb6+ Kd7 43. Rxa6 Ke6 44. b4 e4 45. Rd1 Rc8 46. b5 Rc3+ 47. Kg4 1-0

[Event "Moscow Beliaev Memorial 7th"]
[Site "Moscow"]
[Date "2006.12.24"]
[Round "9"]
[White "Belov, Dmitry"]
[Black "Kamilov, Lenar"]
[Result "1/2-1/2"]
[WhiteElo "2129"]
[BlackElo "2220"]
[PlyCount "44"]
[EventDate "2006.12.16"]
[EventType "swiss"]
[EventRounds "9"]
[EventCountry "RUS"]
[SourceTitle "EXT 2008"]
[Source "ChessBase"]
[SourceDate "2007.11.25"]
[SourceVersion "1"]
[SourceVersionDate "2007.11.25"]
[SourceQuality "1"]

1. e4 c6 2. d4 d5 3. Nd2 dxe4 4. Nxe4 Bf5 5. Ng3 Bg6 6. Nf3 Nd7 7. h4 h6 8. h5 Bh7 9. Bd3 Bxd3 10. Qxd3 Qc7 11. Be3 e6 12. 0-0-0 0-0-0 13. Kb1 Ngf6 14. c4 Bd6 15. Ne2 b6 16. Nc3 Kb8 17. Rh4 Ka8 18. g3 Rhe8 19. Ne1 Bb4 20. Nc2 Bxc3 21. Qxc3 e5 22. dxe5 Qxe5 1/2-1/2

[Event "Belyaev Memorial 06th"]
[Site "Vizantia"]
[Date "2006.07.10"]
[Round "6"]
[White "Kamilov, Lenar"]
[Black "Belov, Dmitry"]
[Result "0-1"]
[WhiteElo "2228"]
[BlackElo "2102"]
[PlyCount "99"]
[EventDate "2006.06.29"]
[EventType "swiss"]
[EventRounds "11"]
[EventCountry "RUS"]
[SourceTitle "EXT 2008"]
[Source "ChessBase"]
[SourceDate "2007.11.25"]
[SourceVersion "1"]
[SourceVersionDate "2007.11.25"]
[SourceQuality "1"]

1. d4 Nf6 2. c4 g6 3. Nc3 Bg7 4. e4 d6 5. Nf3 0-0 6. h3 e5 7. d5 Nh5 8. g3 a6 9. Bg2 Bd7 10. Qd3 Kh8 11. Rb1 Qe8 12. b4 f5 13. Nd2 fxe4 14. Ndxe4 Nf6 15. Be3 Nxe4 16. Bxe4 Qc8 17. g4 Qd8 18. Qd2 Be8 19. Ne2 Nd7 20. g5 Nb6 21. Qd3 a5 22. c5 Nc8 23. a3 b6 24. c6 Ne7 25. h4 Nf5 26. Bd2 Nd4 27. Ng3 Qe7 28. Be3 axb4 29. Rxb4 Qf7 30. Bxd4 exd4 31. f3 Ra5 32. Qb3 Rc5 33. Ne2 Qe7 34. Kd1 Bf7 35. Rb5 Rxb5 36. Qxb5 Ra8 37. Qb3 Ra5 38. Nc1 Rc5 39. Nd3 Rxc6 40. Qa4 Rc3 41. Qa8+ Qe8 42. Qa7 Bxd5 43. Nf2 Bxe4 44. Nxe4 Rxf3 45. Nd2 Rc3 46. Re1 Re3 47. Rf1 d3 48. Nc4 Re2 49. Nd2 Rxd2+ 50. Kxd2 0-1

[Event "Belyaev Memorial 06th"]
[Site "Vizantia"]
[Date "2006.07.01"]
[Round "2"]
[White "Belov, Dmitry"]
[Black "Zakirov, Rustem"]
[Result "1/2-1/2"]
[WhiteElo "2102"]
[BlackElo "2285"]
[PlyCount "54"]
[EventDate "2006.06.29"]
[EventType "swiss"]
[EventRounds "11"]
[EventCountry "RUS"]
[SourceTitle "EXT 2008"]
[Source "ChessBase"]
[SourceDate "2007.11.25"]
[SourceVersion "1"]
[SourceVersionDate "2007.11.25"]
[SourceQuality "1"]

1. d4 Nf6 2. c4 g6 3. Nc3 d5 4. Bg5 Ne4 5. Nxe4 dxe4 6. e3 c6 7. Bh4 Qa5+ 8. Qd2 Qxd2+ 9. Kxd2 b6 10. Ne2 a5 11. Nc3 f5 12. d5 c5 13. Na4 Nd7 14. Bg3 Kd8 15. Be2 Ba6 16. b3 Bg7 17. Rad1 Ra7 18. Nc3 Ne5 19. a4 Rd7 20. Kc2 h5 21. h4 Ng4 22. Bxg4 hxg4 23. Bf4 Rh5 24. Bg5 Ke8 25. Ne2 Be5 26. g3 Kf7 27. Nf4 Bxf4 1/2-1/2

[Event "IECC CL2-2005.18 email"]
[Site "IECC email"]
[Date "2005.11.29"]
[Round "?"]
[White "Belov, Dmitry"]
[Black "Joenhede, Marko"]
[Result "1/2-1/2"]
[WhiteElo "2139"]
[BlackElo "2067"]
[PlyCount "70"]
[EventDate "2005.??.??"]
[EventType "tourn (corr)"]
[EventRounds "4"]
[SourceTitle "Corr 2015"]
[Source "ChessBase"]
[SourceDate "2015.07.17"]
[SourceVersion "1"]
[SourceVersionDate "2015.07.17"]
[SourceQuality "1"]

1. e4 d6 2. d4 Nf6 3. Nc3 g6 4. f4 Bg7 5. Nf3 0-0 6. Bd3 Nc6 7. e5 dxe5 8. fxe5 Nd5 9. Nxd5 Qxd5 10. c3 f6 11. Qe2 Be6 12. c4 Qd7 13. d5 Nb4 14. Be4 Bg4 15. 0-0 c6 16. exf6 exf6 17. dxc6 bxc6 18. Bd2 Na6 19. Bc3 Rfe8 20. Qd3 Qe6 21. Rae1 Nc5 22. Qd4 Nxe4 23. Nd2 Bf5 24. Nxe4 Bxe4 25. Rf4 Rad8 26. Rfxe4 Rxd4 27. Rxe6 Rxe6 28. Rxe6 Rxc4 29. Re8+ Kf7 30. Rc8 Bf8 31. Rc7+ Ke6 32. Rxh7 a5 33. Kf2 Bb4 34. Rh3 Bxc3 35. Rxc3 Rxc3 1/2-1/2

[Event "IECC KO-4019"]
[Site "IECC email"]
[Date "2005.06.30"]
[Round "?"]
[White "Dantas, Roberto"]
[Black "Belov, Dmitry"]
[Result "0-1"]
[WhiteElo "2084"]
[BlackElo "2146"]
[PlyCount "162"]
[EventDate "2005.??.??"]
[EventType "match (corr)"]
[EventRounds "2"]
[SourceTitle "Corr 2008"]
[Source "ChessBase"]
[SourceDate "2008.06.24"]
[SourceVersion "1"]
[SourceVersionDate "2008.06.24"]
[SourceQuality "1"]

1. e4 e5 2. Nf3 Nf6 3. Nxe5 d6 4. Nf3 Nxe4 5. d4 d5 6. Bd3 Bd6 7. 0-0 0-0 8. c4 c6 9. cxd5 cxd5 10. Nc3 Nxc3 11. bxc3 Bg4 12. Rb1 Nd7 13. h3 Bh5 14. Rb5 Nb6 15. Re1 Re8 16. Be3 Rc8 17. Bd2 Rxe1+ 18. Bxe1 Qe8 19. Bd2 Bg6 20. Bf1 Bf5 21. Ne5 f6 22. Ng4 Bd7 23. Ra5 Bb8 24. Bd3 Qe7 25. Ne3 Qd6 26. g3 g6 27. Qf3 Bc6 28. h4 f5 29. h5 Qe7 30. Qg2 Re8 31. Qh3 Qf7 32. Bf1 a6 33. Qh4 Bc7 34. Bg2 Bd8 35. Qh3 Bf6 36. hxg6 hxg6 37. Qh6 Bg7 38. Qh1 g5 39. Qh3 Qg6 40. Bf1 f4 41. gxf4 gxf4+ 42. Ng2 f3 43. Qxf3 Nc4 44. Bxc4 dxc4 45. Qh3 Bb5 46. a4 b6 47. Rxb5 axb5 48. axb5 Qb1+ 49. Kh2 Qxb5 50. Bh6 Qc6 51. Bxg7 Kxg7 52. Ne3 Qd6+ 53. Qg3+ Qxg3+ 54. Kxg3 b5 55. Nd5 Rf8 56. f4 Rd8 57. Nb4 Ra8 58. Nd5 Ra3 59. Kf3 Kf7 60. Ke4 Ke6 61. f5+ Kd6 62. f6 Ra1 63. Nf4 Ra8 64. d5 Rf8 65. Kf5 b4 66. cxb4 c3 67. b5 c2 68. Nd3 Rb8 69. Kg6 Rg8+ 70. Kh7 Rg3 71. Nc1 Kd7 72. b6 Ke8 73. Kh6 Kf7 74. Kh5 Kxf6 75. Kh4 Rg7 76. Kh3 Rb7 77. Kg3 Rxb6 78. Kg2 Rb1 79. Ne2 Re1 80. Kf2 Rxe2+ 81. Kxe2 c1Q 0-1

[Event "IECC CL2-2005.06 email"]
[Site "IECC email"]
[Date "2005.05.16"]
[Round "?"]
[White "Belov, Dmitry"]
[Black "Lewis, Matthew"]
[Result "1-0"]
[WhiteElo "2114"]
[BlackElo "2021"]
[PlyCount "75"]
[EventDate "2005.??.??"]
[EventType "tourn (corr)"]
[EventRounds "4"]
[SourceTitle "Corr 2015"]
[Source "ChessBase"]
[SourceDate "2015.07.17"]
[SourceVersion "1"]
[SourceVersionDate "2015.07.17"]
[SourceQuality "1"]

1. e4 Nf6 2. e5 Nd5 3. d4 d6 4. Nf3 Bg4 5. Be2 e6 6. 0-0 Nc6 7. c4 Nde7 8. exd6 Qxd6 9. Nc3 Bxf3 10. Bxf3 Qxd4 11. Nb5 Qxd1 12. Rxd1 Rc8 13. Bf4 f6 14. Nxc7+ Kf7 15. Nb5 Ng6 16. Bh5 a6 17. Nd6+ Bxd6 18. Bxd6 Rhd8 19. b3 Rd7 20. Rd2 f5 21. f4 Rcd8 22. Rad1 b6 23. Bb4 Ke8 24. Rxd7 Rxd7 25. Bd6 Nd8 26. g3 Nf7 27. Bb4 Rxd1+ 28. Bxd1 Kd7 29. Bc3 e5 30. Bh5 exf4 31. Bxg6 hxg6 32. gxf4 Nd6 33. Bxg7 Ne4 34. Kf1 Kc6 35. Bd4 g5 36. fxg5 Nxg5 37. h4 Ne6 38. h5 1-0

[Event "IECG CA.2005.0.00151"]
[Site "IECG email"]
[Date "2005.05.16"]
[Round "1"]
[White "Belov, Dmitry"]
[Black "Yarkov, Evgeny Veniaminovic"]
[Result "1/2-1/2"]
[WhiteElo "2062"]
[BlackElo "2108"]
[PlyCount "59"]
[EventDate "2005.05.16"]
[EventType "tourn (corr)"]
[EventRounds "6"]
[SourceTitle "Corr 2008"]
[Source "ChessBase"]
[SourceDate "2008.06.24"]
[SourceVersion "1"]
[SourceVersionDate "2008.06.24"]
[SourceQuality "1"]

1. e4 c5 2. Nf3 d6 3. d4 cxd4 4. Nxd4 Nf6 5. Nc3 a6 6. Bg5 e6 7. f4 Qb6 8. Qd2 Qxb2 9. Rb1 Qa3 10. f5 Nc6 11. fxe6 fxe6 12. Nxc6 bxc6 13. e5 dxe5 14. Bxf6 gxf6 15. Ne4 Be7 16. Be2 h5 17. Rb3 Qa4 18. Nxf6+ Bxf6 19. c4 Bh4+ 20. g3 Be7 21. 0-0 h4 22. Bd3 Bc5+ 23. Kh1 Rg8 24. Be2 Bd7 25. Bh5+ Kd8 26. Rb7 Bd4 27. Rf7 c5 28. Rbxd7+ Qxd7 29. Qa5+ Kc8 30. Qb6 1/2-1/2

[Event "IECC KO-4013"]
[Site "IECC email"]
[Date "2005.03.03"]
[Round "?"]
[White "Belov, Dmitry"]
[Black "Lewis, Matt"]
[Result "1-0"]
[WhiteElo "2085"]
[BlackElo "2001"]
[PlyCount "79"]
[EventDate "2003.??.??"]
[EventType "match (corr)"]
[EventRounds "2"]
[SourceTitle "Corr 2020"]
[Source "ChessBase"]
[SourceDate "2019.09.30"]
[SourceVersion "1"]
[SourceVersionDate "2019.09.30"]
[SourceQuality "1"]
[WhiteTeam "Russia"]
[BlackTeam "United States"]
[WhiteTeamCountry "RUS"]
[BlackTeamCountry "USA"]

1. e4 d6 2. d4 Nf6 3. Nc3 g6 4. f4 Bg7 5. Nf3 0-0 6. Bd3 Nc6 7. e5 dxe5 8. fxe5 Nh5 9. Be3 Bg4 10. Be2 f6 11. exf6 exf6 12. Qd2 f5 13. 0-0-0 f4 14. Bf2 Qd7 15. Rhe1 Rae8 16. h3 Bf5 17. Bc4+ Kh8 18. d5 Na5 19. Bf1 Rxe1 20. Rxe1 b6 21. Nd4 c5 22. Ne6 Bxe6 23. Bb5 Qe7 24. Rxe6 Qf7 25. Ne4 Qb7 26. Nd6 Qa8 27. c4 a6 28. Ba4 Qb8 29. Bd1 Ng3 30. b4 Nb7 31. Nxb7 Qxb7 32. bxc5 bxc5 33. Bxc5 Rg8 34. Qb4 Qf7 35. Bf3 Nf5 36. Kd2 Ra8 37. Kd3 a5 38. Qb5 Ba1 39. Rb6 Qg8 40. Rb7 1-0

[Event "IECC CL2-2004.05 email"]
[Site "IECC email"]
[Date "2004.02.09"]
[Round "?"]
[White "Kleinsorgen, Horst M"]
[Black "Belov, Dmitry"]
[Result "1-0"]
[WhiteElo "2098"]
[BlackElo "2097"]
[PlyCount "101"]
[EventDate "2004.??.??"]
[EventType "tourn (corr)"]
[EventRounds "4"]
[SourceTitle "Corr 2008"]
[Source "ChessBase"]
[SourceDate "2008.06.24"]
[SourceVersion "1"]
[SourceVersionDate "2008.06.24"]
[SourceQuality "1"]

1. e4 e5 2. Nf3 Nc6 3. Bb5 a6 4. Bxc6 dxc6 5. 0-0 Qd6 6. Na3 b5 7. c3 c5 8. Nc2 Bb7 9. Re1 Rd8 10. a4 b4 11. Ne3 f6 12. Nc4 Qe6 13. d3 Ne7 14. Qc2 Qd7 15. d4 cxd4 16. cxd4 exd4 17. Na5 Ba8 18. Qc4 Ng6 19. Qxa6 Be7 20. Nb3 c5 21. Qc4 Rc8 22. Bd2 Bd6 23. a5 Qf7 24. Qa6 Kd7 25. Qb5+ Ke7 26. Nbxd4 cxd4 27. Nxd4 Rb8 28. Qa6 Be5 29. Bxb4+ Ke8 30. Nf5 Qb3 31. Red1 Qxb4 32. Qe6+ Ne7 33. Rd7 Rb7 34. Rd3 Qc5 35. Rad1 Qc8 36. Qxc8+ Nxc8 37. Rd8+ Kf7 38. Rxh8 Rc7 39. Rxh7 Kg6 40. Rxg7+ Rxg7 41. Nxg7 Bxe4 42. f3 Bc6 43. Ne6 Bxb2 44. Kf2 Na7 45. g4 Bb5 46. h4 Bc3 47. a6 Kf7 48. Nc5 Ba5 49. Kg2 Bc7 50. Ne4 Ba4 51. Rd5 1-0

[Event "IECC KO-4013"]
[Site "IECC email"]
[Date "2003.12.12"]
[Round "?"]
[White "Belov, Dmitry"]
[Black "Fielding, Gerald"]
[Result "1/2-1/2"]
[WhiteElo "2080"]
[BlackElo "2055"]
[PlyCount "104"]
[EventDate "2003.??.??"]
[EventType "match (corr)"]
[EventRounds "2"]
[SourceTitle "Corr 2020"]
[Source "ChessBase"]
[SourceDate "2019.09.30"]
[SourceVersion "1"]
[SourceVersionDate "2019.09.30"]
[SourceQuality "1"]
[WhiteTeam "Russia"]
[BlackTeam "Canada"]
[WhiteTeamCountry "RUS"]
[BlackTeamCountry "CAN"]

1. e4 c5 2. Nf3 Nc6 3. d4 cxd4 4. Nxd4 Nf6 5. Nc3 e5 6. Ndb5 d6 7. Bg5 a6 8. Na3 b5 9. Bxf6 gxf6 10. Nd5 f5 11. c3 Bg7 12. Bd3 Ne7 13. Nxe7 Qxe7 14. Nc2 Qg5 15. 0-0 Bb7 16. f3 0-0 17. exf5 d5 18. f4 Qh6 19. fxe5 Bxe5 20. h3 Kh8 21. Be2 Rg8 22. Bg4 Rae8 23. Rf2 d4 24. Nxd4 Qe3 25. Kf1 Be4 26. Qd2 Qg3 27. Nf3 Rd8 28. Qe3 Bd3+ 29. Kg1 Bf4 30. Qe7 Rge8 31. Qf6+ Kg8 32. Bh5 Rd7 33. Qc6 Bxf5 34. Qf6 Be3 35. Qxf5 Qxf2+ 36. Kh1 Red8 37. a4 Qg3 38. Re1 bxa4 39. Rxe3 Rd1+ 40. Ne1 Rxe1+ 41. Rxe1 Qxe1+ 42. Kh2 Qe7 43. Bxf7+ Kh8 44. Bc4 Re8 45. Qf4 Rf8 46. Qg3 Qf6 47. Qe3 Qd6+ 48. Kg1 Rb8 49. Qe2 a5 50. Bd3 Qf4 51. Qe7 Qc1+ 52. Kh2 Qf4+ 1/2-1/2

[Event "IECC KO email"]
[Site "IECC email"]
[Date "2002.12.19"]
[Round "?"]
[White "Belov, Dmitry"]
[Black "Muller, Henry"]
[Result "1/2-1/2"]
[WhiteElo "2179"]
[BlackElo "2093"]
[PlyCount "63"]
[EventDate "2002.??.??"]
[EventType "tourn (corr)"]
[EventRounds "6"]
[SourceTitle "Corr 2008"]
[Source "ChessBase"]
[SourceDate "2008.06.24"]
[SourceVersion "1"]
[SourceVersionDate "2008.06.24"]
[SourceQuality "1"]

1. e4 c5 2. Nf3 d6 3. d4 cxd4 4. Nxd4 Nf6 5. Nc3 a6 6. Be2 e5 7. Nb3 Be7 8. 0-0 0-0 9. Be3 Be6 10. f4 exf4 11. Rxf4 Nc6 12. Nd5 Bxd5 13. exd5 Ne5 14. Rb4 Qc7 15. a4 Nfd7 16. a5 Rfe8 17. c3 Bf6 18. Bf2 Bg5 19. Nd2 Nf6 20. Ne4 Nxe4 21. Rxe4 Re7 22. h3 Rae8 23. Bf1 Qd7 24. Qb3 Qf5 25. Rb4 Qc8 26. Be2 f5 27. Bf1 Nd7 28. Rc4 Qb8 29. Qc2 g6 30. Rb4 Nc5 31. Kh1 Qc8 32. Rc4 1/2-1/2

[Event "IECC CL1-2002.21"]
[Site "IECC email"]
[Date "2002.12.19"]
[Round "?"]
[White "Belov, Dmitry"]
[Black "Turko, Sergey Ivanovich"]
[Result "1-0"]
[WhiteElo "2132"]
[BlackElo "2107"]
[PlyCount "85"]
[EventDate "2002.??.??"]
[EventType "tourn (corr)"]
[EventRounds "4"]
[SourceTitle "Corr 2008"]
[Source "ChessBase"]
[SourceDate "2008.06.24"]
[SourceVersion "1"]
[SourceVersionDate "2008.06.24"]
[SourceQuality "1"]

1. e4 e5 2. Nf3 Nc6 3. Bc4 Bc5 4. c3 Nf6 5. b4 Bb6 6. d3 d6 7. a4 a5 8. b5 Ne7 9. 0-0 Ng6 10. Nbd2 0-0 11. Ba3 Nh5 12. d4 Nhf4 13. dxe5 Nxe5 14. Nxe5 Qg5 15. g3 Nh3+ 16. Kg2 Qxe5 17. Bd5 Qxc3 18. Nc4 Qd4 19. Qc2 Nxf2 20. Qxf2 Qxf2+ 21. Rxf2 Bxf2 22. Kxf2 Be6 23. b6 Rac8 24. Ra2 Bxd5 25. exd5 f5 26. Nxa5 cxb6 27. Nxb7 f4 28. g4 Rc4 29. Rb2 Ra8 30. Nxd6 Rcxa4 31. Bb4 Ra2 32. Rxa2 Rxa2+ 33. Kf3 Ra4 34. Be1 g5 35. Bf2 Ra2 36. Bxb6 Rxh2 37. Ne4 Rb2 38. Bc7 Rb3+ 39. Kf2 Rb2+ 40. Kf1 Rb1+ 41. Ke2 Rb2+ 42. Kd3 Rb3+ 43. Kc4 1-0

[Event "IECC KO email"]
[Site "IECC email"]
[Date "2002.05.19"]
[Round "?"]
[White "Smith, Gerry"]
[Black "Belov, Dmitry"]
[Result "0-1"]
[WhiteElo "2020"]
[BlackElo "2195"]
[PlyCount "90"]
[EventDate "2002.??.??"]
[EventType "tourn (corr)"]
[EventRounds "6"]
[SourceTitle "Corr 2008"]
[Source "ChessBase"]
[SourceDate "2008.06.24"]
[SourceVersion "1"]
[SourceVersionDate "2008.06.24"]
[SourceQuality "1"]

1. d4 d5 2. c4 e6 3. Nc3 Nf6 4. cxd5 exd5 5. Bg5 Be7 6. e3 0-0 7. Bd3 Nbd7 8. Qc2 c6 9. Nge2 Re8 10. 0-0-0 Nf8 11. Kb1 Ne4 12. Bxe7 Nxc3+ 13. Qxc3 Rxe7 14. Ng3 Qe8 15. Rhe1 Ng6 16. Bxg6 fxg6 17. Rc1 Bf5+ 18. Ka1 Qf8 19. f3 Rae8 20. Re2 Qf6 21. Rce1 Be6 22. e4 Qh4 23. Nf1 dxe4 24. fxe4 Rd7 25. Ng3 Rf8 26. Qe3 a5 27. Kb1 a4 28. Rd2 Qf4 29. Qc3 Qg5 30. Red1 Qb5 31. Rc1 Qb6 32. Rcd1 Rfd8 33. h3 Qa6 34. Ne2 Bc4 35. Ng1 Re7 36. e5 Rf7 37. Nf3 Bd5 38. Re1 Rf4 39. Nh2 Rdf8 40. g3 Re4 41. Rc1 Re2 42. a3 h5 43. Rcc2 Be4 44. Kc1 Bxc2 45. Kxc2 Ref2 0-1